Catálogo - Centro de Recursos para el Aprendizaje y la Investigación

Volver al Sitio - CRAI Biblioteca

Diplomacia contemporánea : teoría y práctica : para el ejercicio profesional / (Registro nro. 114100)

Detalles MARC
000 -CABECERA
campo de control de longitud fija 01800nam a2200313 4500
001 - NÚMERO DE CONTROL
campo de control 114100
003 - IDENTIFICADOR DEL NÚMERO DE CONTROL
campo de control DR-UNIBE
005 - FECHA Y HORA DE LA ÚLTIMA TRANSACCIÓN
campo de control 20250922133126.0
008 - DATOS DE LONGITUD FIJA--INFORMACIÓN GENERAL
campo de control de longitud fija 250922b2001 dr ||||| |||| 00| 0 spa d
020 ## - NÚMERO INTERNACIONAL ESTÁNDAR DEL LIBRO
Número Internacional Estándar del Libro 9993480908
040 ## - FUENTE DE LA CATALOGACIÓN
Centro catalogador/agencia de origen BIBLIOTECA UNIBE
Lengua de catalogación spa
Centro/agencia transcriptor BIBLIOTECA UNIBE
Normas de descripción rda
041 ## - CÓDIGO DE LENGUA
Código de lengua del texto/banda sonora o título independiente spa
082 ## - NÚMERO DE LA CLASIFICACIÓN DECIMAL DEWEY
Número de edición 22
Número de clasificación RD 327.2 M828d 2001
100 10 - ENTRADA PRINCIPAL--NOMBRE DE PERSONA
Nombre de persona Morales Lama, Manuel
9 (RLIN) 17608
Término indicativo de función/relación autor
245 10 - MENCIÓN DE TÍTULO
Título Diplomacia contemporánea : teoría y práctica : para el ejercicio profesional /
Mención de responsabilidad, etc. Manuel Morales Lama
250 ## - MENCIÓN DE EDICIÓN
Mención de edición Quinta edición
260 ## - PUBLICACIÓN, DISTRIBUCIÓN, ETC.
Lugar de publicación, distribución, etc. Santo Domingo :
Nombre del editor, distribuidor, etc. Fundación Antonio M. Lama,
Fecha de publicación, distribución, etc. 2001
300 ## - DESCRIPCIÓN FÍSICA
Extensión xxix, 530 páginas :
Dimensiones 22 x 14 cm
500 ## - NOTA GENERAL
Nota general Información sobre la obra y el autor en las solapas
505 ## - NOTA DE CONTENIDO CON FORMATO
Nota de contenido con formato Prólogo | A modo de proemio | Introducción | Capítulo I. Conceptos básicos | Capítulo II. Orígenes y evolución de la diplomacia | Capítulo III. Ejecutores centrales de la política exterior de los estados | Capítulo IV. El servicio Exterior | Capítulo V. La misión diplomática permanente | Capítulo VI. La función diplomática | Capítulo VII. La concertación de tratados | Capítulo VIII. Estilística diplomática | Capítulo IX. Ceremonial y protocolo | Capítulo X. Status del diplomático dominicano | Glosario de locuciones y términos latinos y franceses | Apéndices | Anexos | Bibliografía | Índice análitico<br/>
650 ## - PUNTO DE ACCESO ADICIONAL DE MATERIA--TÉRMINO DE MATERIA
Fuente del encabezamiento o término lemb
Término de materia o nombre geográfico como elemento de entrada Diplomacia
650 ## - PUNTO DE ACCESO ADICIONAL DE MATERIA--TÉRMINO DE MATERIA
Fuente del encabezamiento o término lemb
Término de materia o nombre geográfico como elemento de entrada Derecho diplomático y consular
9 (RLIN) 82829
650 ## - PUNTO DE ACCESO ADICIONAL DE MATERIA--TÉRMINO DE MATERIA
Fuente del encabezamiento o término lemb
Término de materia o nombre geográfico como elemento de entrada Servicio diplomático y consular
700 ## - PUNTO DE ACCESO ADICIONAL--NOMBRE DE PERSONA
Nombre de persona Ruiz Sobero, Benjamín
9 (RLIN) 148071
Término indicativo de función/relación prologuista
700 ## - PUNTO DE ACCESO ADICIONAL--NOMBRE DE PERSONA
Nombre de persona Narváez Rivadeneira, Luis
9 (RLIN) 148072
Término indicativo de función/relación introducción
700 ## - PUNTO DE ACCESO ADICIONAL--NOMBRE DE PERSONA
Nombre de persona Ortiz, Deisy
9 (RLIN) 145817
Término indicativo de función/relación diagramador y composición
700 ## - PUNTO DE ACCESO ADICIONAL--NOMBRE DE PERSONA
Nombre de persona Vásquez, José
9 (RLIN) 148070
Término indicativo de función/relación diseñador gráfico
942 ## - ELEMENTOS DE PUNTO DE ACCESO ADICIONAL (KOHA)
Fuente del sistema de clasificación o colocación Sistema de Clasificación Decimal Dewey
Tipo de ítem Koha Libro (general)
Existencias
Estado de retiro Estado de pérdida Fuente del sistema de clasificación o colocación No para préstamo Código de colección Localización permanente Fecha de adquisición Total de préstamos Signatura topográfica completa Código de barras Fecha visto por última vez Número de copia Precio válido a partir de Tipo de ítem Koha
  Disponible Sistema de Clasificación Decimal Dewey   General - Libros dominicanos Biblioteca Central UNIBE 17/09/2025   RD 327.2 M828d 2001 251024 22/09/2025 Ej. 1 22/09/2025 Libro (general)